Statistics for 宁夏回族自治区县级行政区划

Click here to take the quiz!

General Stats

  • This quiz has been taken 25 times
  • The average score is 15 of 22

Answer Stats

城市区县% Correct
中卫市海原县
89%
银川市西夏区
89%
银川市灵武市
89%
中卫市沙坡头区
84%
固原市西吉县
79%
中卫市中宁县
79%
银川市兴庆区
79%
银川市金凤区
74%
吴忠市同心县
74%
吴忠市盐池县
74%
吴忠市青铜峡市
74%
固原市原州区
68%
银川市贺兰县
68%
固原市泾源县
63%
石嘴山市惠农区
58%
吴忠市利通区
58%
吴忠市红寺堡区
58%
石嘴山市大武口区
58%
固原市隆德县
58%
固原市彭阳县
58%
石嘴山市平罗县
53%
银川市永宁县
53%

Score Distribution

Percentile by Number Answered

Percent of People with Each Score

Your Score History

You have not taken this quiz